Colotès et la béatification épicurienne de l'amitié (notice n° 1648631)

détails MARC
000 -LEADER
fixed length control field 01790cam a2200157 4500500
005 - DATE AND TIME OF LATEST TRANSACTION
control field 20260208003721.0
041 ## - LANGUAGE CODE
Language code of text/sound track or separate title fre
042 ## - AUTHENTICATION CODE
Authentication code dc
100 10 - MAIN ENTRY--PERSONAL NAME
Personal name Périllié, Jean-Luc
Relator term author
245 00 - TITLE STATEMENT
Title Colotès et la béatification épicurienne de l'amitié
260 ## - PUBLICATION, DISTRIBUTION, ETC.
Date of publication, distribution, etc. 2005.<br/>
500 ## - GENERAL NOTE
General note 13
520 ## - SUMMARY, ETC.
Summary, etc. Un court extrait d’une lettre d’Épicure à son disciple Colotès (rapporté par Plutarque) en dit long sur la mystique de l’amitié telle qu’elle était pratiquée dans le Jardin par les premiers Épicuriens. Cet extrait pourrait être révélateur de certaines pratiques rituelles peu connues, plutôt étranges et certainement cachées du public. C’est moins l’acte de vénération du maître par ses disciples que la pratique qui se veut réciproque d’un Épicure vénérant et adorant lui-même ses propres disciples qui pose question. On connaît quelque peu ces pratiques grâce à la trahison d’un ancien membre qui a tout fait pour ébruiter les secrets intimes de la secte. Mais leur signification reste encore à élucider. Comment les comprendre ? Comment les intégrer dans l’ensemble de la doctrine ? Ce surgissement du pathos mystikos au sein d’un logos peri physeôs ne serait-il pas révélateur d’une philosophie qui serait apparue autant, sinon plus, comme une nouvelle religion des mystères, que sous l’aspect d’un système philosophique achevé ? Sans prétendre répondre à toutes ces questions, cette étude tente d’analyser ce qui nous reste de cette lettre d’Épicure à son disciple pour dégager quelques pistes.
786 0# - DATA SOURCE ENTRY
Note Les Études philosophiques | 73 | 2 | 2005-06-01 | p. 229-259 | 0014-2166
856 41 - ELECTRONIC LOCATION AND ACCESS
Uniform Resource Identifier <a href="https://shs.cairn.info/revue-les-etudes-philosophiques-2005-2-page-229?lang=fr&redirect-ssocas=7080">https://shs.cairn.info/revue-les-etudes-philosophiques-2005-2-page-229?lang=fr&redirect-ssocas=7080</a>

Pas d'exemplaire disponible.

PLUDOC

PLUDOC est la plateforme unique et centralisée de gestion des bibliothèques physiques et numériques de Guinée administré par le CEDUST. Elle est la plus grande base de données de ressources documentaires pour les Étudiants, Enseignants chercheurs et Chercheurs de Guinée.

Adresse

627 919 101/664 919 101

25 boulevard du commerce
Kaloum, Conakry, Guinée

Réseaux sociaux

Powered by Netsen Group @ 2025